Meriams engineering mechanics (Record no. 241119)

MARC details
000 -LEADER
fixed length control field 00775nam a22002657a 4500
005 - DATE AND TIME OF LATEST TRANSACTION
control field 20260402122756.0
008 - FIXED-LENGTH DATA ELEMENTS--GENERAL INFORMATION
fixed length control field 260402b |||||||| |||| 00| 0 eng d
020 ## - INTERNATIONAL STANDARD BOOK NUMBER
International Standard Book Number 9789354248566
040 ## - CATALOGING SOURCE
Transcribing agency AL
041 ## - LANGUAGE CODE
Language code of text/sound track or separate title English
082 ## - DEWEY DECIMAL CLASSIFICATION NUMBER
Classification number 620.1
Item number MERE
100 ## - MAIN ENTRY--PERSONAL NAME
Personal name J L Meriam
100 ## - MAIN ENTRY--PERSONAL NAME
9 (RLIN) 260124
245 ## - TITLE STATEMENT
Title Meriams engineering mechanics
Remainder of title : statics and dynamics
250 ## - EDITION STATEMENT
Edition statement 9.
260 ## - PUBLICATION, DISTRIBUTION, ETC.
Place of publication, distribution, etc. New Delhi
Name of publisher, distributor, etc. Wiley India Pvt Ltd
Date of publication, distribution, etc. 2021
300 ## - PHYSICAL DESCRIPTION
Extent xxi,1018p.
Other physical details PB
Dimensions 25.5x20 cm.
365 ## - TRADE PRICE
Price type code VBI-2645
Price amount ₹809.25
Currency code
Unit of pricing ₹1079.00
Price note 25%
Price effective from 20-02-2026
650 ## - SUBJECT ADDED ENTRY--TOPICAL TERM
Topical term or geographic name entry element Statics
9 (RLIN) 260125
650 ## - SUBJECT ADDED ENTRY--TOPICAL TERM
Topical term or geographic name entry element Dynamics
9 (RLIN) 260126
650 ## - SUBJECT ADDED ENTRY--TOPICAL TERM
Topical term or geographic name entry element Dynamics of Rigid Bodies
9 (RLIN) 260127
700 ## - ADDED ENTRY--PERSONAL NAME
Personal name Meriam J L
9 (RLIN) 260128
700 ## - ADDED ENTRY--PERSONAL NAME
Personal name Kraige L G
9 (RLIN) 260129
700 ## - ADDED ENTRY--PERSONAL NAME
Personal name Bolton J N
9 (RLIN) 260130
942 ## - ADDED ENTRY ELEMENTS (KOHA)
Source of classification or shelving scheme Dewey Decimal Classification
Koha item type Book
Holdings
Withdrawn status Lost status Source of classification or shelving scheme Damaged status Not for loan Collection code Home library Current library Date acquired Source of acquisition Cost, normal purchase price Total Checkouts Full call number Barcode Date last seen Cost, replacement price Price effective from Koha item type
    Dewey Decimal Classification     Information Science and Engineering St Aloysius Engineering Library St Aloysius Engineering Library 03/31/2026 Vidyarthi Books 809.25   620.1 MERE SE000403 04/02/2026 1079.00 02/20/2026 Book